| 000 | 00653npm a2200205 4500 | ||
|---|---|---|---|
| 001 | 5119 | ||
| 003 | ES-MaACL | ||
| 005 | 20230908143921.0 | ||
| 007 | hzrazu bucu | ||
| 008 | 891024s1989 sp b 00000 spa d | ||
| 245 | 0 | 0 |
_aAutografos _b: [Microforma]. |
| 260 |
_aMadrid : _bAteneo Cientifico, Literario y Artistico, _c1989. |
||
| 300 |
_a2 microfichas : _bnegativo. |
||
| 500 | _aCartas autografas n. 1 a 86 (P-2) | ||
| 505 | 8 | _aMicroficha n. 1: Cartas n. 1 a 44 -- Microficha n. 2: Cartas n.45 a 86 | |
| 852 |
_aES-MaACL _jMCF-16 _95236 _cDEPO1 |
||
| 942 |
_2udc _cMICROFORMA |
||
| 999 |
_c5119 _d5119 |
||